| 000 | 00531nam a2200193Ia 4500 | ||
|---|---|---|---|
| 005 | 20221021115320.0 | ||
| 008 | 131103s9999 xx 000 0 und d | ||
| 040 | _aLoreto College | ||
| 041 | _aEnglish | ||
| 082 |
_a150 _bEYS |
||
| 100 | _aEysenck, H. J. | ||
| 245 |
_aSense and nonsesense in psychology _cH. J. Eysenck |
||
| 260 |
_aHarmondsworth _bPenguin Books _c1957(1972printing) |
||
| 300 | _a349p | ||
| 504 | _aIncludes bibliographical references and index | ||
| 650 | _aPsychology | ||
| 850 | _aLCLIB | ||
| 942 | _cBK | ||
| 999 |
_c18778 _d69257 |
||